| 000 | 01533nam a2200361 a 4500 | ||
|---|---|---|---|
| 001 | 000003051 | ||
| 003 | DO-SdBNP | ||
| 005 | 20230209112258.0 | ||
| 007 | 000003051 | ||
| 008 | 090706s2008 dr 000 0 spa d | ||
| 020 | _a9789945457100 | ||
| 040 |
_aBPMSU _bspa _cBPMSU |
||
| 082 | 4 |
_a972.9403 _bF825r, 2008 |
|
| 092 | _2 | ||
| 100 | 1 |
_aFranco, José Luciano, _d1891-1989 |
|
| 245 | 1 | 0 |
_aHistoria de la revolución de Haití / _cJosé Luciano Franco. |
| 250 | _a3a ed. | ||
| 260 |
_aSanto Domingo : _bSociedad Dominicana de Bibliófilos, _c2008. |
||
| 300 |
_a314p. ; _c22 cm. |
||
| 490 | 1 | _aBibliófilos 2000 | |
| 500 | _aContiene datos de la colección de cultura dominicana | ||
| 500 | _aIncluye datos biográficos del autor en la contracubierta | ||
| 504 | _aIncluye referencias bibliográficas y notas al pie de las páginas | ||
| 504 | _aIncluye bibliografías (p.303-306) | ||
| 505 | 0 |
_aPresentación -- _tEstudio sobre "Historia de la revolucion de Haití" -- _t Conquista y colonización de Haití -- _tContrabandistas, Filibusteros y Bucaneros -- _tLa colonia francesa de la Tortuga y Costa de Santo Domingo -- _tAzúcar, monopolios y esclavitud -- _tLa sociedad colonial -- _tLa revolución -- _tBibliografía -- |
|
| 651 | 4 |
_aHaitì _xHistoria _y1791-1804 |
|
| 651 | 4 |
_aHaitì _xHitoria _yRevolución 1791-1804 |
|
| 830 | 0 | _aBibliófilos 2000 | |
| 910 | _aVMateo V./Control de calidad | ||
| 942 |
_2ddc _cBK |
||
| 945 | _aInventariado / 2017 VM | ||
| 956 |
_aVMATEO _b10 _c20150721 _lBPMSU _h00151 |
||
| 999 |
_c7985 _d7985 |
||